000 01759nam0a2200349 4500
001 RU\NLR\bibl\177908
005 20260406154247.0
010 _a5-93491-004-3
_9121
021 _aRU
_b2001-9805
_9474
035 _a(NLR Aleph) 000174597
090 _a1006891
_c1006891
100 _a20010820d2000 |||y0rusy50 ca
101 0 _arus
102 _aRU
105 _aa |||||||||
200 1 _aИнформационное обеспечение строительства нефтяных и газовых скважин
_fЮ.М. Басарыгин, В.Ф. Будников, А.И. Булатов, В.И. Демихов
_g[Отв. ред. А.И. Булатов]
210 _aКраснодар
_cПросвещение-Юг
_d2000
215 _a316 с.
_cил.
_d21
320 _aБиблиогр.: с. 299-313 (180 назв.)
606 0 _aНефтяные скважины
_xСтроительство
_xИнформационное обеспечение
_92219037
_3RU\NLR\auth\661332568
606 0 _aГазовые скважины
_xСтроительство
_xИнформационное обеспечение
_92219039
_3RU\NLR\auth\661332569
686 _aИ131,7-6
701 1 _4070
_8rus
_7ca
_aБасарыгин
_bЮ. М.
_f1944-
_gЮрий Михайлович
_3RU\NLR\auth\7726811
_99849
701 1 _aБудников
_bВ. Ф.
_4070
701 1 _4070
_8rus
_7ca
_aБулатов
_bА. И.
_f1931-
_gАнатолий Иванович
_3RU\NLR\auth\776915
_9116861
701 1 _aДемихов
_bВ. И.
_4070
702 1 _4340
_8rus
_7ca
_aБулатов
_bА. И.
_f1931-
_gАнатолий Иванович
_3RU\NLR\auth\776915
_9116861
801 0 _aRU
_bNLR
_c20010820
_gPSBO
801 1 _aRU
_bNLR
_c20010820
942 _cBOOK
980 _aNB